Statistics for European Countries that consume the most chocolate per capita

Click here to take the quiz!

General Stats

  • This quiz has been taken 37 times
  • The average score is 15 of 16

Answer Stats

Consumed chocolate per capita (kg)Country% Correct
5,81Belgium
100%
9,56Switzerland
100%
4,02Spain
97%
3,26Sweden
97%
9,21Germany
94%
3,14Italy
94%
3,45Portugal
94%
3,51Croatia
91%
8,11Finland
91%
5,43Lithuania
88%
4,05Romania
88%
4,79Slovakia
88%
5,09Czechia
85%
8,96Denmark
85%
8,76Estonia
85%
3,42Latvia
85%

Score Distribution

Percentile by Number Answered

Percent of People with Each Score

Your Score History

You have not taken this quiz